000 00284nam a2200109Ia 4500
008 220216s9999 xx 000 0 und d
100 _aJayaraman T
245 0 _aWill it be a US endgame at Copenhagen?
260 _bEconomic and Political Weekly
_c2009
300 _a13-15
942 _cJS
999 _c72437
_d72437